Fußball: Alle u20-Weltmeister - Statistiken

Allgemein
  • Dieses Quiz wurde 115 mal gespielt
  • Das Durchschnittsergebnis liegt bei 8 aus 11
Antwortstatistiken
Anzahl Jahre Land % Korrekt
5x 1983,1985,1993,2003,2011 Brasilien
99%
1x 1981 Deutschland
99%
1x 1999 Spanien
98%
6x 1979,1995,1997,2001,2005,2007 Argentinien
95%
1x 2013 Frankreich
95%
1x 2017 England
88%
2x 1989,1991 Portugal
87%
1x 2023 Uruguay
47%
1x 2015 Serbien
33%
1x 2019 Ukraine
29%
1x 2009 Ghana
27%
Keine übereinstimmenden Quizze gefunden
Verteilung der Resultate
Anzahl Personen mit jedem Resultat
Perzentil nach korrekt beantworteten Fragen
Ihre Resultats-Entwicklung
Sie haben dieses Quiz noch nicht gespielt